Прейс-курант семенам огородным, цветочным, экономическим, луговым травам и проч. семянной торговли Г. Фрика С.-Петербург. № 7: 1893 (Запись № 11880297)

Подробности
000 -МАРКЕР
контрольное поле 01546nam2a2200241 4500
001 - ИДЕНТИФИКАТОР ЗАПИСИ
контрольное поле RU\NLR\BIBL_A\012095959
005 - ИДЕНТИФИКАТОР ВЕРСИИ
контрольное поле 20250623205705.0
035 ## - ДРУГИЕ СИСТЕМНЫЕ НОМЕРА
Идентификатор записи (NLR Aleph) 012095959
100 ## - ДАННЫЕ ОБЩЕЙ ОБРАБОТКИ
Данные общей обработки 20190918d1893 |||y0rusy50 ca
101 0# - ЯЗЫК РЕСУРСА
Язык текста, звукозаписи и т.д. русский
-- немецкий
102 ## - СТРАНА ПУБЛИКАЦИИ ИЛИ ПРОИЗВОДСТВА
Страна публикации Российская Федерация
105 ## - ПОЛЕ КОДИРОВАННЫХ ДАННЫХ: ТЕКСТОВЫЕ МАТЕРИАЛЫ, МОНОГРАФИЧЕСКИЕ
Кодированные данные о монографическом текстовом документе a|||z|||000zy
200 1# - ЗАГЛАВИЕ И СВЕДЕНИЯ ОБ ОТВЕТСТВЕННОСТИ
Основное заглавие 1893
210 ## - ПУБЛИКАЦИЯ, РАСПРОСТРАНЕНИЕ И ДР.
Дата издания, распространения и т.д. 1893 (ценз. 1892)
Место издания, распространения и т.д. Б. м.
215 ## - ФИЗИЧЕСКАЯ ХАРАКТЕРИСТИКА
Специфическое обозначение материала и объем [4], 39 с.
Другие сведения о физической характеристике ил., табл.
Сопроводительный материал требование (1 л.; 44х14)
-- конверт (12х15 см)
300 ## - ОБЩИЕ ПРИМЕЧАНИЯ
Текст примечания Текст парал. на рус. и нем. яз.
461 #0 - УРОВЕНЬ НАБОРА
Встроенное поле 001RU\NLR\BIBL_A\012095942
-- 2001#$aПрейс-курант семенам огородным, цветочным, экономическим, луговым травам и проч. семянной торговли Г. Фрика С.-Петербург$dPreis-courant gemüse-, blumen-, feld-, und gras-samen der samenhandlung von G. Frick St. Petersburg$zger$v№ 7
Системный номер (АБИС) связанной записи 11880205
Место публикации СанктПетербург
Дата публикации 1893
Параллельное заглавие Preis-courant gemüse-, blumen-, feld-, und gras-samen der samenhandlung von G. Frick St. Petersburg
Имя издателя, распространителя и т.д. Типография Императорской академии наук
Заглавие Прейс-курант семенам огородным, цветочным, экономическим, луговым травам и проч. семянной торговли Г. Фрика С.-Петербург
Номер тома № 7
852 ## - МЕСТОНАХОЖДЕНИЕ И ШИФР ХРАНЕНИЯ
Идентификатор организации NLR
Шифр хранения (Call Number) 34.48.3.96(7)
942 ## - ДОПОЛНИТЕЛЬНЫЕ ЭЛЕМЕНТЫ ЗАПИСИ (АБИС)
Тип экземпляра АБИС Книга
980 ## - КОЛЛЕКЦИЯ
Название коллекции Национальная библиография

Нет доступных экземпляров.